LDR 00708naa#a2200205#i#450# 001 EN\\bibl\121441 005 20260429050518.3 011 ## _a1994-4683 100 ## _a20230531b2023####ek#y0engy0150####ca 102 ## _aRU 200 1# _aASSESSMENT OF ADAPTIVE CHANGES OF HIGHLY QUALIFIED WEIGHTLIFTERS USING BIOCHEMICAL MARKERS _eJournal article 210 1# _aMoscow _cNational State University of Physical Education, Sports and Health named after P.F. Lesgaft _d2023 215 ## _a4 с. 608 ## _aJournal article _2local 675 ## _aПрочие виды единоборства и тяжелой атлетики. 796.89 _z 700 #1 _a _g 700 #1 _a _g 700 #1 _a _g 700 #1 _a _g 856 4# _auchzapiski.lesgaft.spb.ru _u